ŘSUMŠ je a zůstane mluvčím převážné většiny odborného učitelstva československého /

Hlavní autor: Topinka, Karel Jaromír, 1870-1944
Další autoři: Blažek, Jaroslav Pavlásek, 1904-
Jazyk: Čeština
Vydáno: Praha : Říšský svaz učitelů měšťanských škol, [1935?]
Témata:
Fyzický popis: 22 s.
Knihy
Uloženo v:
LEADER 01428nam a22003372a 4500
001 000204515
003 CZ BrMZK
005 20170123122054.0
007 ta
008 970107s1935 xr f cze d
015 |a cnb000798107 
035 |a (OCoLC)85557070 
040 |a BOA001  |b cze 
043 |a e-cs--- 
072 7 |a 37  |x Výchova a vzdělávání  |2 Konspekt  |9 22 
080 |a 37.011.3-051  |2 MRF 
080 |a (437)  |2 MRF 
080 |a (041)  |2 MRF 
100 1 |a Topinka, Karel Jaromír,  |d 1870-1944  |7 jk01132789  |4 aut 
245 1 0 |a ŘSUMŠ je a zůstane mluvčím převážné většiny odborného učitelstva československého /  |c Karel Jaromír Topinka, J.P. Blažek 
246 3 |a Říšský svaz učitelů měšťanských škol je a zůstane mluvčím převážné většiny odborného učitelstva československého 
260 |a Praha :  |b Říšský svaz učitelů měšťanských škol,  |c [1935?] 
300 |a 22 s. 
650 0 7 |a učitelé  |7 ph126982  |z Československo  |2 czenas 
653 0 |a Říšský svaz učitelů měšťanských škol 
655 7 |a brožury  |7 fd131925  |2 czenas 
700 1 |a Blažek, Jaroslav Pavlásek,  |d 1904-  |7 jk01012307  |4 aut 
910 |a BOA001  |b X-0890.057  |b PK-0091.649 
990 |a BK 
996 6 |b 2619170686  |c X-0890.057  |l MZK  |r Sklad / do 24 hodin  |n 0  |w 000204515  |u 000020  |a 1  |e BOA001  |j MZK50  |s P 
996 7 |b 3119900815  |c PK-0091.649  |l MZK  |r Sklad / do 1 hodiny  |n 0  |w 000204515  |u 000010  |a 1  |e BOA001  |j MZK50  |s A